|
|
|
|
| LEADER |
00000naa2a2200000 4500 |
| 001 |
157825 |
| 005 |
20231215152232.0 |
| 035 |
|
|
|a (RuTPU)RU\TPU\book\171186
|
| 090 |
|
|
|a 157825
|
| 100 |
|
|
|a 20090414d2002 k y0rusy50 ca
|
| 101 |
0 |
|
|a rus
|
| 102 |
|
|
|a RU
|
| 200 |
1 |
|
|a Современное эколого-геохимическое состояние Томи и её притоков
|f С. Л. Шварцев, О. Г. Савичев
|
| 320 |
|
|
|a Библиогр.: с. 98 (9 назв.)
|
| 463 |
|
0 |
|0 (RuTPU)RU\TPU\book\54324
|y 5-88276-093-4
|t Эколого-биогеохимические исследования в бассейне Оби
|v С. 87-98
|f Международный исследовательский центр по физике окружающей среды и экологии ; Российская академия наук (РАН), Сибирское отделение (СО), Томский научный центр (ТНЦ) ; под ред. В. В. Зуева ; А. В. Куровского ; С. Л. Шварцева
|d 2002
|p 390 с.
|
| 610 |
1 |
|
|a труды учёных ТПУ
|
| 700 |
|
1 |
|a Шварцев
|b С. Л.
|c российский гидрогеолог, доктор геолого-минералогических наук
|c профессор Томского политехнического университета, академик РАЕН
|f 1936-
|g Степан Львович
|3 (RuTPU)RU\TPU\pers\25914
|4 070
|
| 701 |
|
1 |
|a Савичев
|b О. Г.
|c геолог
|c профессор Томского политехнического университета, доктор географических наук
|f 1967-
|g Олег Геннадьевич
|3 (RuTPU)RU\TPU\pers\25454
|9 11394
|
| 801 |
|
1 |
|a RU
|b 63413507
|c 20090414
|g PSBO
|
| 801 |
|
2 |
|a RU
|b 63413507
|c 20150831
|g PSBO
|
| 942 |
|
|
|c BK
|